00617pam a2200229 a 4500001000800000005001700008008004100025010001700066020002500083040001800108041000800126043001200134080002300146082002700169100000700196101000800203245007200211504003000283906004500313942001200358999001700370242373720180206033926.0871218s1988 nyua b 001 0 eng  a 87036641  a0867292172 :c$45.00 aDLCcDLCdDLC aeng an-us--- a384.55570973 JUD00a384.55570973 JUD2191 a52 aBUS14aThe business of nonbroadcast television :cby Judith Tereno Stokes. aBibliography: p. 153-154. a7bcbccorignewd1eocipf19gy-gencatlg 2ddccBK c41850d41850